System informacyjny rachunkowosci Analiza, struktury, projekty

Saved in:
Bibliographic Details
Format: Book
Language:Polish
Published: Lódz Uniwersytet 1985
Edition:1. wyd.
Series:Acta Universitatis Lodziensis 45
Tags: Add Tag
No Tags, Be the first to tag this record!

MARC

LEADER 00000nam a2200000 4500
001 c035640
005 20221220080432.6
041 0 |a pol 
044 |a PL 
245 1 0 |a System informacyjny rachunkowosci  |b Analiza, struktury, projekty 
250 |a 1. wyd. 
264 1 |a Lódz  |b Uniwersytet  |c 1985 
300 |a 195 s. 
490 1 |a Acta Universitatis Lodziensis  |v 45 
830 0 |a Acta Universitatis Lodziensis  |v 45